[Event "ODJM A 2025"]
[Site "Willingen GER"]
[Date "2025.06.14"]
[Round "9"]
[White "Brau, Luca"]
[Black "Nguyen, Ha Thanh"]
[Result "1-0"]
[Termination "normal"]
[Board "27"]
[WhiteElo "1911"]
[BlackElo "1950"]
[WhiteClock "00:05:56"]
[BlackClock "00:10:08"]
[PlyCount "245"]
[WhiteFideId "34680756"]
[BlackFideId "12942154"]
[EventCountry "GER"]
[EventRounds "9"]
[EventType "swiss"]
[EventDate "2025.06.07"]

1. c4 {[%clk 01:30:55]} {[%emt 00:00:04]} Nf6 {[%clk 01:29:38]} {[%emt
00:01:23]} 2. Nc3 {[%clk 01:30:56]} {[%emt 00:00:29]} d6 {[%clk 01:27:12]}
{[%emt 00:02:56]} 3. d4 {[%clk 01:28:11]} {[%emt 00:03:15]} g6 {[%clk
01:27:05]} {[%emt 00:00:37]} 4. Bg5 {[%clk 01:22:23]} {[%emt 00:06:18]} Bg7
{[%clk 01:25:26]} {[%emt 00:02:10]} 5. Nf3 {[%clk 01:21:05]} {[%emt 00:01:47]}
c6 {[%clk 01:19:30]} {[%emt 00:06:26]} 6. e3 {[%clk 01:19:15]} {[%emt
00:02:21]} Qa5 {[%clk 01:15:23]} {[%emt 00:04:37]} 7. Bd3 {[%clk 01:10:35]}
{[%emt 00:09:09]} Nbd7 {[%clk 01:09:53]} {[%emt 00:06:01]} 8. a3 {[%clk
01:02:18]} {[%emt 00:08:48]} h6 {[%clk 01:05:53]} {[%emt 00:04:30]} 9. b4
{[%clk 00:56:18]} {[%emt 00:06:29]} Qd8 {[%clk 01:04:56]} {[%emt 00:01:26]} 10.
Bf4 {[%clk 00:54:37]} {[%emt 00:02:12]} g5 {[%clk 01:04:05]} {[%emt 00:01:21]}
11. Bg3 {[%clk 00:52:58]} {[%emt 00:02:08]} Nh5 {[%clk 01:03:35]} {[%emt
00:01:01]} 12. Qc2 {[%clk 00:45:36]} {[%emt 00:07:52]} Nxg3 {[%clk 01:01:58]}
{[%emt 00:02:07]} 13. hxg3 {[%clk 00:45:58]} {[%emt 00:00:07]} a5 {[%clk
00:58:19]} {[%emt 00:04:10]} 14. O-O {[%clk 00:41:47]} {[%emt 00:04:40]} Nf6
{[%clk 00:46:05]} {[%emt 00:12:46]} 15. c5 {[%clk 00:35:05]} {[%emt 00:07:11]}
O-O {[%clk 00:34:33]} {[%emt 00:12:01]} 16. Nd2 {[%clk 00:32:26]} {[%emt
00:03:09]} d5 {[%clk 00:31:38]} {[%emt 00:03:26]} 17. Na4 {[%clk 00:27:33]}
{[%emt 00:05:23]} Be6 {[%clk 00:27:54]} {[%emt 00:04:14]} 18. b5 {[%clk
00:20:11]} {[%emt 00:07:51]} cxb5 {[%clk 00:23:21]} {[%emt 00:05:05]} 19. Bxb5
{[%clk 00:20:00]} {[%emt 00:00:39]} Ng4 {[%clk 00:21:10]} {[%emt 00:02:41]} 20.
Rfe1 {[%clk 00:11:04]} {[%emt 00:09:27]} f5 {[%clk 00:18:54]} {[%emt 00:02:45]}
21. f4 {[%clk 00:07:36]} {[%emt 00:03:58]} Qc7 {[%clk 00:11:15]} {[%emt
00:08:10]} 22. Nf3 {[%clk 00:06:36]} {[%emt 00:01:28]} Rf6 {[%clk 00:10:28]}
{[%emt 00:01:18]} 23. Bd3 {[%clk 00:05:39]} {[%emt 00:01:26]} Raf8 {[%clk
00:09:49]} {[%emt 00:01:10]} 24. Ne5 {[%clk 00:04:26]} {[%emt 00:01:43]} Nxe5
{[%clk 00:07:11]} {[%emt 00:03:08]} 25. dxe5 {[%clk 00:04:46]} {[%emt
00:00:10]} R6f7 {[%clk 00:05:01]} {[%emt 00:02:41]} 26. Rab1 {[%clk 00:04:00]}
{[%emt 00:01:17]} Bd7 {[%clk 00:03:13]} {[%emt 00:02:17]} 27. Rec1 {[%clk
00:03:10]} {[%emt 00:01:19]} Rd8 {[%clk 00:02:14]} {[%emt 00:01:31]} 28. Rb6
{[%clk 00:02:31]} {[%emt 00:01:07]} Bc6 {[%clk 00:02:02]} {[%emt 00:00:44]} 29.
Nc3 {[%clk 00:01:04]} {[%emt 00:01:56]} e6 {[%clk 00:01:46]} {[%emt 00:00:45]}
30. Ne2 {[%clk 00:01:06]} {[%emt 00:00:28]} Bf8 {[%clk 00:01:34]} {[%emt
00:00:43]} 31. Nd4 {[%clk 00:01:18]} {[%emt 00:00:17]} Qd7 {[%clk 00:01:20]}
{[%emt 00:00:43]} 32. Qc3 {[%clk 00:01:18]} {[%emt 00:00:30]} Ra8 {[%clk
00:01:29]} {[%emt 00:00:23]} 33. Rcb1 {[%clk 00:01:17]} {[%emt 00:00:30]} Qe7
{[%clk 00:01:16]} {[%emt 00:00:44]} 34. Nxc6 {[%clk 00:00:54]} {[%emt
00:00:53]} Qxc5 {[%clk 00:01:19]} {[%emt 00:00:27]} 35. Qxc5 {[%clk 00:00:52]}
{[%emt 00:00:32]} Bxc5 {[%clk 00:01:44]} {[%emt 00:00:05]} 36. Rxb7 {[%clk
00:01:05]} {[%emt 00:00:17]} Bxe3+ {[%clk 00:02:01]} {[%emt 00:00:13]} 37. Kf1
{[%clk 00:01:09]} {[%emt 00:00:24]} gxf4 {[%clk 00:02:16]} {[%emt 00:00:17]}
38. gxf4 {[%clk 00:00:51]} {[%emt 00:00:48]} Bxf4 {[%clk 00:02:40]} {[%emt
00:00:06]} 39. Rxf7 {[%clk 00:00:46]} {[%emt 00:00:34]} Kxf7 {[%clk 00:03:05]}
{[%emt 00:00:05]} 40. Rb7+ {[%clk 00:00:39]} {[%emt 00:00:37]} Kg6 {[%clk
00:01:38]} {[%emt 00:01:57]} 41. Re7 {[%clk 00:26:51]} {[%emt 00:04:18]} Bxe5
{[%clk 00:27:50]} {[%emt 00:04:19]} 42. Rxe6+ {[%clk 00:12:20]} {[%emt
00:15:00]} Bf6 {[%clk 00:27:53]} {[%emt 00:00:28]} 43. Ne5+ {[%clk 00:11:44]}
{[%emt 00:01:05]} Kg7 {[%clk 00:27:32]} {[%emt 00:00:51]} 44. Bxf5 {[%clk
00:10:19]} {[%emt 00:01:55]} Rc8 {[%clk 00:27:06]} {[%emt 00:00:57]} 45. Rc6
{[%clk 00:08:46]} {[%emt 00:01:58]} Rxc6 {[%clk 00:24:52]} {[%emt 00:02:49]}
46. Nxc6 {[%clk 00:09:10]} {[%emt 00:00:05]} a4 {[%clk 00:25:13]} {[%emt
00:00:10]} 47. Bc2 {[%clk 00:09:13]} {[%emt 00:00:22]} Bb2 {[%clk 00:25:36]}
{[%emt 00:00:11]} 48. Bxa4 {[%clk 00:08:45]} {[%emt 00:00:58]} Bxa3 {[%clk
00:25:50]} {[%emt 00:00:17]} 49. Bb3 {[%clk 00:08:33]} {[%emt 00:00:41]} Kf6
{[%clk 00:25:49]} {[%emt 00:00:32]} 50. Bxd5 {[%clk 00:08:41]} {[%emt
00:00:21]} Kg5 {[%clk 00:25:47]} {[%emt 00:00:33]} 51. Kf2 {[%clk 00:07:23]}
{[%emt 00:01:47]} h5 {[%clk 00:22:34]} {[%emt 00:03:43]} 52. Kf3 {[%clk
00:06:42]} {[%emt 00:01:10]} Bb2 {[%clk 00:21:39]} {[%emt 00:01:26]} 53. Be6
{[%clk 00:06:24]} {[%emt 00:00:47]} Ba1 {[%clk 00:21:38]} {[%emt 00:00:32]} 54.
Nb4 {[%clk 00:06:26]} {[%emt 00:00:27]} Bb2 {[%clk 00:21:06]} {[%emt 00:01:04]}
55. Nd3 {[%clk 00:06:48]} {[%emt 00:00:06]} Ba1 {[%clk 00:20:19]} {[%emt
00:01:19]} 56. Bf7 {[%clk 00:07:01]} {[%emt 00:00:15]} h4 {[%clk 00:19:50]}
{[%emt 00:01:01]} 57. Be6 {[%clk 00:07:05]} {[%emt 00:00:24]} Kf6 {[%clk
00:17:51]} {[%emt 00:02:31]} 58. Bd7 {[%clk 00:07:16]} {[%emt 00:00:17]} Kg5
{[%clk 00:17:41]} {[%emt 00:00:41]} 59. Nf2 {[%clk 00:07:39]} {[%emt 00:00:07]}
Kf6 {[%clk 00:14:19]} {[%emt 00:03:53]} 60. Kg4 {[%clk 00:07:17]} {[%emt
00:00:51]} Bd4 {[%clk 00:13:17]} {[%emt 00:01:34]} 61. Ne4+ {[%clk 00:07:13]}
{[%emt 00:00:32]} Ke5 {[%clk 00:13:16]} {[%emt 00:00:32]} 62. Nd2 {[%clk
00:07:27]} {[%emt 00:00:14]} Bc3 {[%clk 00:12:37]} {[%emt 00:01:10]} 63. Nf3+
{[%clk 00:07:40]} {[%emt 00:00:16]} Kd6 {[%clk 00:12:58]} {[%emt 00:00:11]} 64.
Ba4 {[%clk 00:07:55]} {[%emt 00:00:13]} Kd5 {[%clk 00:13:01]} {[%emt 00:00:28]}
65. Kxh4 {[%clk 00:07:49]} {[%emt 00:00:35]} Ke4 {[%clk 00:13:06]} {[%emt
00:00:26]} 66. Bc6+ {[%clk 00:08:06]} {[%emt 00:00:11]} Kf4 {[%clk 00:13:02]}
{[%emt 00:00:37]} 67. g3+ {[%clk 00:07:52]} {[%emt 00:00:43]} Kf5 {[%clk
00:13:07]} {[%emt 00:00:25]} 68. Bd7+ {[%clk 00:08:06]} {[%emt 00:00:15]} Kf6
{[%clk 00:12:11]} {[%emt 00:01:27]} 69. g4 {[%clk 00:08:11]} {[%emt 00:00:24]}
Ke7 {[%clk 00:12:09]} {[%emt 00:00:33]} 70. Bc8 {[%clk 00:08:24]} {[%emt
00:00:17]} Kf6 {[%clk 00:12:03]} {[%emt 00:00:37]} 71. g5+ {[%clk 00:08:28]}
{[%emt 00:00:25]} Kg6 {[%clk 00:11:58]} {[%emt 00:00:35]} 72. Ba6 {[%clk
00:08:43]} {[%emt 00:00:14]} Bb2 {[%clk 00:12:13]} {[%emt 00:00:16]} 73. Bd3+
{[%clk 00:09:05]} {[%emt 00:00:07]} Kg7 {[%clk 00:12:16]} {[%emt 00:00:28]} 74.
Kh5 {[%clk 00:09:23]} {[%emt 00:00:11]} Kf7 {[%clk 00:11:50]} {[%emt 00:00:58]}
75. Nh4 {[%clk 00:09:04]} {[%emt 00:00:48]} Ke6 {[%clk 00:11:23]} {[%emt
00:00:58]} 76. Bc4+ {[%clk 00:08:58]} {[%emt 00:00:36]} Ke5 {[%clk 00:10:33]}
{[%emt 00:01:19]} 77. Ng2 {[%clk 00:07:24]} {[%emt 00:02:02]} Kd4 {[%clk
00:10:07]} {[%emt 00:00:59]} 78. Bb5 {[%clk 00:07:14]} {[%emt 00:00:38]} Kc5
{[%clk 00:10:17]} {[%emt 00:00:21]} 79. Be2 {[%clk 00:07:16]} {[%emt 00:00:28]}
Kd5 {[%clk 00:10:10]} {[%emt 00:00:36]} 80. Kg6 {[%clk 00:07:17]} {[%emt
00:00:30]} Ke5 {[%clk 00:10:10]} {[%emt 00:00:30]} 81. Kh7 {[%clk 00:06:46]}
{[%emt 00:01:00]} Kf5 {[%clk 00:09:32]} {[%emt 00:01:10]} 82. g6 {[%clk
00:07:10]} {[%emt 00:00:05]} Ke4 {[%clk 00:09:51]} {[%emt 00:00:11]} 83. g7
{[%clk 00:07:20]} {[%emt 00:00:20]} Bxg7 {[%clk 00:10:15]} {[%emt 00:00:06]}
84. Kxg7 {[%clk 00:07:46]} {[%emt 00:00:04]} Kf5 {[%clk 00:10:27]} {[%emt
00:00:18]} 85. Bf3 {[%clk 00:07:01]} {[%emt 00:01:14]} Ke6 {[%clk 00:10:27]}
{[%emt 00:00:31]} 86. Kg6 {[%clk 00:07:00]} {[%emt 00:00:32]} Ke5 {[%clk
00:10:44]} {[%emt 00:00:13]} 87. Kg5 {[%clk 00:07:18]} {[%emt 00:00:10]} Kd4
{[%clk 00:10:57]} {[%emt 00:00:19]} 88. Kf6 {[%clk 00:07:10]} {[%emt 00:00:38]}
Kc5 {[%clk 00:09:19]} {[%emt 00:02:08]} 89. Ke5 {[%clk 00:06:58]} {[%emt
00:00:41]} Kc4 {[%clk 00:09:12]} {[%emt 00:00:37]} 90. Nf4 {[%clk 00:06:45]}
{[%emt 00:00:42]} Kc5 {[%clk 00:09:27]} {[%emt 00:00:17]} 91. Ne2 {[%clk
00:06:19]} {[%emt 00:00:55]} Kc4 {[%clk 00:09:41]} {[%emt 00:00:16]} 92. Be4
{[%clk 00:06:34]} {[%emt 00:00:14]} Kc5 {[%clk 00:09:55]} {[%emt 00:00:18]} 93.
Bd5 {[%clk 00:06:21]} {[%emt 00:00:43]} Kb4 {[%clk 00:10:05]} {[%emt 00:00:20]}
94. Kd6 {[%clk 00:06:19]} {[%emt 00:00:31]} Kb5 {[%clk 00:10:09]} {[%emt
00:00:27]} 95. Be6 {[%clk 00:05:55]} {[%emt 00:00:51]} Kb4 {[%clk 00:10:11]}
{[%emt 00:00:30]} 96. Kc6 {[%clk 00:06:05]} {[%emt 00:00:20]} Ka3 {[%clk
00:10:08]} {[%emt 00:00:34]} 97. Kb5 {[%clk 00:05:56]} {[%emt 00:00:38]} Kb2
98. Bf5 {[%clk 00:05:56]} Kb3 99. Bd3 {[%clk 00:05:56]} Ka3 100. Be4 {[%clk
00:05:56]} Kb3 101. Kc5 {[%clk 00:05:56]} Ka3 102. Kc4 {[%clk 00:05:56]} Kb2
103. Kb4 {[%clk 00:05:56]} Ka2 104. Kc3 {[%clk 00:05:56]} Ka1 105. Nd4 {[%clk
00:05:56]} Ka2 106. Nb3 {[%clk 00:05:56]} Ka3 107. Bb1 {[%clk 00:05:56]} Ka4
108. Nd4 {[%clk 00:05:56]} Ka3 109. Nb5+ {[%clk 00:05:56]} Ka4 110. Kc4 {[%clk
00:05:56]} Ka5 111. Kc5 {[%clk 00:05:56]} Ka4 112. Bc2+ {[%clk 00:05:56]} Ka5
113. Nd6 {[%clk 00:05:56]} Ka6 114. Bb3 {[%clk 00:05:56]} Ka5 115. Nb7+ {[%clk
00:05:56]} Ka6 116. Kc6 {[%clk 00:05:56]} Ka7 117. Bc4 {[%clk 00:05:56]} Kb8
118. Kb6 {[%clk 00:05:56]} Kc8 119. Be6+ {[%clk 00:05:56]} Kb8 120. Nc5 {[%clk
00:05:56]} Ka8 121. Bf5 {[%clk 00:05:56]} Kb8 122. Na6+ {[%clk 00:05:56]} Ka8
123. Be4# {[%clk 00:05:56]} 1-0

[Event "ODJM A 2025"]
[Site "Willingen GER"]
[Date "2025.06.14"]
[Round "9"]
[White "Hoffmann, Alexander"]
[Black "Schuricht, Paul Alexander"]
[Result "0-1"]
[Termination "normal"]
[Board "29"]
[WhiteElo "1907"]
[BlackElo "1920"]
[WhiteClock "00:18:40"]
[BlackClock "00:20:31"]
[PlyCount "44"]
[WhiteFideId "16240219"]
[BlackFideId "16270177"]
[EventCountry "GER"]
[EventRounds "9"]
[EventType "swiss"]
[EventDate "2025.06.07"]

1. c4 {[%clk 01:30:58]} {[%emt 00:00:02]} e5 {[%clk 01:30:52]} {[%emt
00:00:07]} 2. Nc3 {[%clk 01:29:38]} {[%emt 00:01:49]} Nc6 {[%clk 01:31:07]}
{[%emt 00:00:16]} 3. e4 {[%clk 01:25:06]} {[%emt 00:05:03]} Bc5 {[%clk
01:27:12]} {[%emt 00:04:25]} 4. g3 {[%clk 01:20:31]} {[%emt 00:05:05]} a6
{[%clk 01:27:31]} {[%emt 00:00:11]} 5. Bg2 {[%clk 01:20:30]} {[%emt 00:00:30]}
d6 {[%clk 01:27:52]} {[%emt 00:00:09]} 6. d3 {[%clk 01:17:40]} {[%emt
00:03:21]} Nf6 {[%clk 01:19:59]} {[%emt 00:08:22]} 7. Nge2 {[%clk 01:13:10]}
{[%emt 00:05:01]} Ba7 {[%clk 01:12:30]} {[%emt 00:07:58]} 8. h3 {[%clk
01:05:46]} {[%emt 00:07:54]} h6 {[%clk 01:06:56]} {[%emt 00:06:05]} 9. O-O
{[%clk 01:04:12]} {[%emt 00:02:02]} O-O {[%clk 01:01:46]} {[%emt 00:05:41]} 10.
Kh2 {[%clk 01:03:02]} {[%emt 00:01:40]} g5 {[%clk 00:54:59]} {[%emt 00:07:17]}
11. f4 {[%clk 00:55:50]} {[%emt 00:07:43]} gxf4 {[%clk 00:45:24]} {[%emt
00:10:05]} 12. gxf4 {[%clk 00:51:44]} {[%emt 00:04:35]} Ng4+ {[%clk 00:44:31]}
{[%emt 00:01:23]} 13. Kh1 {[%clk 00:45:13]} {[%emt 00:07:01]} Nf2+ {[%clk
00:36:47]} {[%emt 00:08:13]} 14. Rxf2 {[%clk 00:44:17]} {[%emt 00:01:27]} Bxf2
{[%clk 00:37:09]} {[%emt 00:00:08]} 15. f5 {[%clk 00:43:39]} {[%emt 00:01:08]}
Qh4 {[%clk 00:35:51]} {[%emt 00:01:48]} 16. Nd5 {[%clk 00:41:32]} {[%emt
00:02:37]} Kh8 {[%clk 00:34:59]} {[%emt 00:01:22]} 17. Ng1 {[%clk 00:35:22]}
{[%emt 00:06:40]} Nd4 {[%clk 00:24:47]} {[%emt 00:10:43]} 18. Nxc7 {[%clk
00:27:02]} {[%emt 00:08:49]} Rg8 {[%clk 00:20:07]} {[%emt 00:05:10]} 19. Nxa8
{[%clk 00:20:42]} {[%emt 00:06:50]} Qg3 {[%clk 00:20:12]} {[%emt 00:00:24]} 20.
Qf1 {[%clk 00:18:54]} {[%emt 00:02:19]} Bxg1 {[%clk 00:20:17]} {[%emt
00:00:25]} 21. Qxg1 {[%clk 00:18:45]} {[%emt 00:00:39]} Nf3 {[%clk 00:20:31]}
{[%emt 00:00:17]} 22. Qe3 {[%clk 00:18:40]} {[%emt 00:00:34]} Qh2# {[%emt
00:00:09]} 0-1

[Event "ODJM A 2025"]
[Site "Willingen GER"]
[Date "2025.06.14"]
[Round "9"]
[White "Bergmann, Lennart"]
[Black "Weeke, Tom"]
[Result "0-1"]
[Termination "normal"]
[Board "30"]
[WhiteElo "1860"]
[BlackElo "1843"]
[WhiteClock "00:08:20"]
[BlackClock "00:21:17"]
[PlyCount "62"]
[WhiteFideId "16270657"]
[BlackFideId "34607080"]
[EventCountry "GER"]
[EventRounds "9"]
[EventType "swiss"]
[EventDate "2025.06.07"]

1. Nf3 {[%clk 01:30:52]} {[%emt 00:00:06]} d5 {[%clk 01:30:53]} {[%emt
00:00:07]} 2. Rg1 {[%clk 01:31:17]} {[%emt 00:00:06]} c5 {[%clk 01:27:22]}
{[%emt 00:04:01]} 3. g4 {[%clk 01:29:30]} {[%emt 00:02:17]} Nc6 {[%clk
01:26:33]} {[%emt 00:01:19]} 4. c4 {[%clk 01:29:51]} {[%emt 00:00:10]} d4
{[%clk 01:26:20]} {[%emt 00:00:42]} 5. d3 {[%clk 01:29:50]} {[%emt 00:00:31]}
e5 {[%clk 01:26:18]} {[%emt 00:00:32]} 6. Nbd2 {[%clk 01:30:06]} {[%emt
00:00:14]} Qa5 {[%clk 01:21:43]} {[%emt 00:05:05]} 7. Qb3 {[%clk 01:28:39]}
{[%emt 00:01:57]} a6 {[%clk 01:17:49]} {[%emt 00:04:24]} 8. Qa3 {[%clk
01:27:11]} {[%emt 00:01:58]} Qxa3 {[%clk 01:17:24]} {[%emt 00:00:55]} 9. bxa3
{[%clk 01:27:40]} {[%emt 00:00:02]} h6 {[%clk 01:14:56]} {[%emt 00:02:56]} 10.
h4 {[%clk 01:23:25]} {[%emt 00:04:45]} f5 {[%clk 01:10:58]} {[%emt 00:04:29]}
11. gxf5 {[%clk 01:21:29]} {[%emt 00:02:27]} Bxf5 {[%clk 01:11:02]} {[%emt
00:00:25]} 12. Rb1 {[%clk 01:21:45]} {[%emt 00:00:15]} Rb8 {[%clk 01:10:44]}
{[%emt 00:00:46]} 13. Bg2 {[%clk 01:18:16]} {[%emt 00:03:59]} Nf6 {[%clk
01:05:33]} {[%emt 00:05:40]} 14. Ng5 {[%clk 01:16:49]} {[%emt 00:01:58]} Nd7
{[%clk 00:57:44]} {[%emt 00:08:19]} 15. Nge4 {[%clk 01:08:47]} {[%emt
00:08:32]} Na5 {[%clk 00:53:40]} {[%emt 00:04:34]} 16. Ng3 {[%clk 01:00:09]}
{[%emt 00:09:08]} Be6 {[%clk 00:53:35]} {[%emt 00:00:35]} 17. a4 {[%clk
00:46:13]} {[%emt 00:14:27]} Nf6 {[%clk 00:44:48]} {[%emt 00:09:15]} 18. Nb3
{[%clk 00:42:37]} {[%emt 00:04:08]} Nxb3 {[%clk 00:44:49]} {[%emt 00:00:29]}
19. Rxb3 {[%clk 00:42:57]} {[%emt 00:00:11]} Bc8 {[%clk 00:42:16]} {[%emt
00:03:01]} 20. Ne4 {[%clk 00:32:58]} {[%emt 00:10:29]} Be7 {[%clk 00:38:44]}
{[%emt 00:04:03]} 21. Ba3 {[%clk 00:30:37]} {[%emt 00:02:51]} Nxe4 {[%clk
00:38:28]} {[%emt 00:00:46]} 22. Bxe4 {[%clk 00:31:05]} {[%emt 00:00:02]} g5
{[%clk 00:38:42]} {[%emt 00:00:15]} 23. hxg5 {[%clk 00:14:40]} {[%emt
00:16:56]} hxg5 {[%clk 00:39:05]} {[%emt 00:00:06]} 24. Bc1 {[%clk 00:15:02]}
{[%emt 00:00:08]} Rg8 {[%clk 00:36:24]} {[%emt 00:03:12]} 25. f4 {[%clk
00:13:55]} {[%emt 00:01:37]} g4 {[%clk 00:35:08]} {[%emt 00:01:46]} 26. fxe5
{[%clk 00:14:10]} {[%emt 00:00:15]} Bh4+ {[%clk 00:33:43]} {[%emt 00:01:55]}
27. Kd1 {[%clk 00:14:03]} {[%emt 00:00:37]} Bf2 {[%clk 00:31:44]} {[%emt
00:02:28]} 28. Rh1 {[%clk 00:10:48]} {[%emt 00:03:45]} g3 {[%clk 00:28:39]}
{[%emt 00:03:36]} 29. Bg2 {[%clk 00:11:14]} {[%emt 00:00:04]} Bd7 {[%clk
00:28:24]} {[%emt 00:00:45]} 30. Bf4 {[%clk 00:07:51]} {[%emt 00:03:53]} Bxa4
{[%clk 00:28:24]} {[%emt 00:00:30]} 31. Rh7 {[%clk 00:08:20]} Be3 {[%clk
00:21:17]} {[%emt 00:07:38]} 0-1

[Event "ODJM A 2025"]
[Site "Willingen GER"]
[Date "2025.06.14"]
[Round "9"]
[White "Seifert, Hendrik"]
[Black "Abou Wally, Adrian"]
[Result "0-1"]
[Termination "normal"]
[Board "31"]
[WhiteElo "1811"]
[BlackElo "1947"]
[WhiteClock "00:22:47"]
[BlackClock "00:41:06"]
[PlyCount "84"]
[WhiteFideId "16241193"]
[BlackFideId "16245113"]
[EventCountry "GER"]
[EventRounds "9"]
[EventType "swiss"]
[EventDate "2025.06.07"]

1. e4 {[%clk 01:30:57]} {[%emt 00:00:02]} c6 {[%clk 01:30:57]} {[%emt
00:00:04]} 2. Nf3 {[%clk 01:31:15]} {[%emt 00:00:11]} d5 {[%clk 01:31:19]}
{[%emt 00:00:09]} 3. Nc3 {[%clk 01:31:41]} {[%emt 00:00:04]} Bg4 {[%clk
01:31:44]} {[%emt 00:00:05]} 4. d4 {[%clk 01:32:06]} {[%emt 00:00:05]} e6
{[%clk 01:32:10]} {[%emt 00:00:04]} 5. Be2 {[%clk 01:32:21]} {[%emt 00:00:15]}
Nf6 {[%clk 01:32:31]} {[%emt 00:00:09]} 6. h3 {[%clk 01:30:28]} {[%emt
00:02:22]} Bh5 {[%clk 01:32:55]} {[%emt 00:00:07]} 7. Ne5 {[%clk 01:22:20]}
{[%emt 00:08:38]} Bxe2 {[%clk 01:33:17]} {[%emt 00:00:08]} 8. Qxe2 {[%clk
01:22:45]} {[%emt 00:00:05]} Be7 {[%clk 01:33:15]} {[%emt 00:00:31]} 9. O-O
{[%clk 01:17:57]} {[%emt 00:05:17]} O-O {[%clk 01:32:40]} {[%emt 00:01:07]} 10.
Rd1 {[%clk 01:14:15]} {[%emt 00:04:11]} Nbd7 {[%clk 01:27:56]} {[%emt
00:05:14]} 11. exd5 {[%clk 01:09:02]} {[%emt 00:05:43]} cxd5 {[%clk 01:28:20]}
{[%emt 00:00:08]} 12. Bf4 {[%clk 01:03:40]} {[%emt 00:05:49]} a6 {[%clk
01:19:37]} {[%emt 00:09:16]} 13. Rd3 {[%clk 00:55:07]} {[%emt 00:09:01]} Nxe5
{[%clk 00:56:10]} {[%emt 00:23:57]} 14. dxe5 {[%clk 00:46:55]} {[%emt
00:08:43]} Ne8 {[%clk 00:56:04]} {[%emt 00:00:36]} 15. Rad1 {[%clk 00:46:16]}
{[%emt 00:01:08]} b5 {[%clk 00:47:33]} {[%emt 00:09:01]} 16. Qg4 {[%clk
00:32:35]} {[%emt 00:14:11]} g6 {[%clk 00:46:52]} {[%emt 00:01:12]} 17. h4
{[%clk 00:22:17]} {[%emt 00:10:48]} Ng7 {[%clk 00:44:09]} {[%emt 00:03:13]} 18.
Bh6 {[%clk 00:20:08]} {[%emt 00:02:37]} Re8 {[%clk 00:41:39]} {[%emt 00:03:01]}
19. Bxg7 {[%clk 00:16:47]} {[%emt 00:03:52]} Kxg7 {[%clk 00:42:02]} {[%emt
00:00:07]} 20. h5 {[%clk 00:16:06]} {[%emt 00:01:10]} Qc7 {[%clk 00:38:34]}
{[%emt 00:03:58]} 21. Qf4 {[%clk 00:09:51]} {[%emt 00:06:44]} b4 {[%clk
00:32:16]} {[%emt 00:06:50]} 22. Ne2 {[%clk 00:01:33]} {[%emt 00:08:49]} h6
{[%clk 00:19:39]} {[%emt 00:13:06]} 23. Nd4 {[%clk 00:01:06]} {[%emt 00:00:57]}
g5 {[%clk 00:19:44]} {[%emt 00:00:25]} 24. Qg3 {[%clk 00:01:13]} {[%emt
00:00:23]} Qd7 {[%clk 00:17:40]} {[%emt 00:02:34]} 25. f4 {[%clk 00:00:54]}
{[%emt 00:00:49]} Rg8 {[%clk 00:17:59]} {[%emt 00:00:11]} 26. Nf3 {[%clk
00:00:37]} {[%emt 00:00:47]} Kh8 {[%clk 00:18:05]} {[%emt 00:00:24]} 27. f5
{[%clk 00:00:42]} {[%emt 00:00:25]} Rac8 {[%clk 00:16:00]} {[%emt 00:02:35]}
28. f6 {[%clk 00:00:57]} {[%emt 00:00:15]} Bc5+ {[%clk 00:15:56]} {[%emt
00:00:34]} 29. Kh1 {[%clk 00:01:13]} {[%emt 00:00:14]} a5 {[%clk 00:16:03]}
{[%emt 00:00:23]} 30. Nh2 {[%clk 00:00:59]} {[%emt 00:00:44]} Qb5 {[%clk
00:15:44]} {[%emt 00:00:48]} 31. Ng4 {[%clk 00:00:55]} {[%emt 00:00:34]} Bf8
{[%clk 00:15:50]} {[%emt 00:00:25]} 32. R1d2 {[%clk 00:00:34]} {[%emt
00:00:52]} Rc4 {[%clk 00:15:51]} {[%emt 00:00:28]} 33. Rd4 {[%clk 00:00:33]}
{[%emt 00:00:31]} Rc7 {[%clk 00:11:31]} {[%emt 00:04:50]} 34. Qd3 {[%clk
00:00:33]} {[%emt 00:00:30]} Qxd3 {[%clk 00:11:34]} {[%emt 00:00:26]} 35. R4xd3
{[%clk 00:00:57]} {[%emt 00:00:06]} Kh7 {[%clk 00:11:40]} {[%emt 00:00:25]} 36.
Kg1 {[%clk 00:00:34]} {[%emt 00:00:52]} Bc5+ {[%clk 00:11:57]} {[%emt
00:00:14]} 37. Kf1 {[%clk 00:00:56]} {[%emt 00:00:08]} Rgc8 {[%clk 00:12:13]}
{[%emt 00:00:13]} 38. c4 {[%clk 00:00:42]} {[%emt 00:00:45]} dxc4 {[%clk
00:10:38]} {[%emt 00:02:04]} 39. Rd8 {[%clk 00:00:52]} {[%emt 00:00:20]} Rxd8
{[%clk 00:10:43]} {[%emt 00:00:25]} 40. Rxd8 {[%clk 00:01:17]} {[%emt
00:00:06]} c3 {[%clk 00:10:57]} {[%emt 00:00:16]} 41. Nxh6 {[%clk 00:22:25]}
{[%emt 00:09:22]} c2 {[%clk 00:41:03]} {[%emt 00:00:23]} 42. Nxf7 {[%clk
00:22:47]} {[%emt 00:00:08]} Rxf7 {[%clk 00:41:06]} {[%emt 00:00:27]} 0-1